Myke Towers canciones mas escuchadas - Estadísticas

Estadísticas generales
  • Esta prueba ha sido intentada 153 veces
  • La puntuación promedio es 14 de 31
Estadísticas de respuestas
Pista Canción % Correcto
Album: LA VIDA ES UNAFt: - LALA
82%
Album: Easy Money BabyFt:-
76%
Album: Easy Money BabyFt:- Diosa
75%
Album: Easy Money BabyFt:- La Playa
74%
Album: Easy Money BabyFt: - Girl
72%
Album: Easy Money BabyFt:- Relación Rota
71%
Album: Easy Money BabyFt: Farruko Si Se Da
68%
Album: LVEU VIVE LA TUYA....NO LA MIAFt:- LA FALDA
65%
Sencillo (2020)Ft: Jhun Bandido
61%
Album: Easy Money BabyFt:- MIB
60%
Album: LA PANTERA NEGRAFt: Bad Bunny ADIVINO
55%
Album:LA PANTERA NEGRA (DELUXE)Ft: benny blanco DEGENERE
50%
Album: Easy Money BabyFt:- Parcerita
50%
Album: Easy Money BabyFt: - Piensan
49%
Sencillo (2019) Ft: Farruko, Arcángel, Sech, Zion Si Se Da - Remix
48%
Album: Easy Money BabyFt:- Funeral
47%
Album: Easy Money BabyFt:- LVCC
47%
Album: LYKE MIKEFt:- MÍRENME AHORA
45%
EP: Para Mi Ex Ft:- Extasy
43%
EP: Para Mi Ex Ft:- Explícito
39%
Sencillo (2021) Ft:- EXPERIMENTO
37%
Sencillo (2021) Ft:- ALMAS GEMELAS
35%
Sencillo (2020) Ft: Anuel AA, NATTI NATASHA Diosa - Remix
35%
Album: LA VIDA ES UNAFt: Daddy Yankee ULALA (OOH LA LA)
29%
Sencillo Ft: Maluma, Farruko La Playa - Remix
26%
Album: LVEU VIVE LA TUYA....NO LA MIAFt:- LA CAPI
22%
Album: LA PANTERA NEGRAFt:- TAMBIÉN
21%
Sencillo (2019) Ft:- Inocente
19%
Album: LA VIDA ES UNAFt:- AGUARDIENTE
14%
Sencillo (2022) Ft:- Luces de Neón
9%
Sencillo (2019) Ft:- Rutina
6%
No se encontraron pruebas coincidentes
Distribución de puntuación
Porcentaje de gente con cada puntuación
Porcentaje por número respondido
Historial de tus puntuaciones
No has intentado esta prueba.